The future of industrial societies : problems, prospects, solutions /

Bibliographic Details
Other Authors: Michalski, Wolfgang
Format: Book
Language:English
Published: Alphen aan den Rijn, The Netherlands : Sijthoff & Noordhoff, 1978.
Subjects:

MARC

Tag First Indicator Second Indicator Subfields
LEADER 00000cam a2200000 a 4500
001 in00000646721
005 20151015064949.0
008 800528s1978 ne a b 00000 engmd
020 |a 9028602577 
035 |a (OCoLC)06364059 
035 |9 ACW3995AM 
040 |a COV  |c COV  |d m.c.  |d TXA  |d UtOrBLW 
049 |a TXAM  |c [1653261] 
090 |a HD82  |b .F87 
245 0 4 |a The future of industrial societies :  |b problems, prospects, solutions /  |c edited by Wolfgang Michalski. 
264 1 |a Alphen aan den Rijn, The Netherlands :  |b Sijthoff & Noordhoff,  |c 1978. 
300 |a ix, 303 pages :  |b illustrations ;  |c 24 cm. 
336 |a text  |b txt  |2 rdacontent 
337 |a unmediated  |b n  |2 rdamedia 
338 |a volume  |b nc  |2 rdacarrier 
504 |a Includes bibliographies. 
650 0 |a Economic development. 
650 0 |a Industrial policy. 
650 0 |a Industries  |x Social aspects. 
700 1 |a Michalski, Wolfgang. 
999 |a MARS 
999 f f |s 3911672a-53a2-374e-821a-bc5b30c1264b  |i a59e5c25-f661-34b7-a19d-c3fc88a17b50  |t 0 
952 f f |p ric  |a Texas A&M University  |b Rellis Campus  |c Joint Library Facility  |d Remote Storage  |t 0  |e HD82 .F87  |h Library of Congress classification  |i unmediated -- volume  |m A14802640803 
998 f f |a HD82 .F87  |t 0  |l Remote Storage